| 000 | 00666nam a2200205 ar4500 | ||
|---|---|---|---|
| 001 | 1428 | ||
| 005 | 20221127090221.0 | ||
| 008 | 090808s xxua 00110|eng d | ||
| 020 |
_a0735623058(pbk) : _cSR144.00 |
||
| 082 | 0 | 4 |
_a005.5 _bC392 2007 |
| 100 | 1 | _aChatfield, Carl. | |
| 245 | 1 | 0 |
_aMicrosoft Office Project 2007 step by step / _cCarl Chatfield, Timothy Johnson. |
| 260 |
_aRedmond, WA : _bMicrosoft Press, _c2007. |
||
| 300 |
_axlviii, 507 p. : _bill ; _c23 cm _e3CD. |
||
| 500 | _aIncludes index. | ||
| 650 | 4 | _aMicrosoft Office. | |
| 650 | 4 |
_aWeb sites _xDesign. |
|
| 650 | 4 |
_aProject management _xComputer programs. |
|
| 700 | 0 |
_aJohnson, Timothy, _ejt. auth. |
|
| 999 |
_c1426 _d1426 |
||